| 000 | 00465nam a2200085Ia 4500 | ||
|---|---|---|---|
| 245 | 0 | _aThe development, implementation and evaluation of interventions for the care of orphans and vulnerable children in Botswana, South Africa and Zimbabwe : a literature review of evidence-based interventions for home-based child-centred development | |
| 100 |
_a Strebel, Anna Cape Town, South Africa, 2004 _9102082 |
||
| 942 | _cBK | ||
| 008 | 210818s9999 xx 000 0 und d | ||
| 999 |
_c443027 _d443026 |
||